Statistics for What Continent is this Capital in? #3

Click here to take the quiz!

General Stats

  • This quiz has been taken 28 times
  • The average score is 9 of 10

Answer Stats

QuestionAnswer% Correct
DublinEurope
100%
VilniusEurope
96%
ZagrebEurope
96%
HavanaNorth America
96%
LuandaAfrica
92%
BissauAfrica
92%
HanoiAsia
92%
MogadishuAfrica
88%
AsmaraAfrica
65%
DushanbeAsia
50%

Score Distribution

Percentile by Number Answered

Percent of People with Each Score

Your Score History

You have not taken this quiz